[Event "POL-chT3 Slaskie"]
[Site "Poland"]
[Date "2008.05.11"]
[Round "9.41"]
[White "Bubnowski, Arkadiusz"]
[Black "Flasinski, Michal"]
[Result "1/2-1/2"]
[WhiteElo "2222"]
[BlackElo "2218"]
[PlyCount "144"]
[EventDate "2008.02.03"]
[EventType "team-swiss"]
[EventRounds "9"]
[EventCountry "POL"]
[SourceTitle "EXT 2019"]
[Source "ChessBase"]
[SourceDate "2018.10.10"]
[SourceVersion "1"]
[SourceVersionDate "2018.10.10"]
[SourceQuality "1"]

1. Nf3 Nf6 2. c4 c6 3. d4 d5 4. cxd5 cxd5 5. Nc3 Nc6 6. Bf4 Bf5 7. Qb3 Na5 8. Qa4+ Bd7 9. Qd1 Rc8 10. Ne5 e6 11. Nxd7 Qxd7 12. f3 Bb4 13. Bd2 Nc4 14. Qb3 Nxd2 15. Qxb4 Nxf1 16. Rxf1 Rc4 17. Qa3 b5 18. Qa6 0-0 19. Nxb5 Rb8 20. a4 Rc6 21. Qa5 a6 22. Na3 Rxb2 23. Kf2 h6 24. Rfb1 Qb7 25. Qe1 Qb6 26. Qd1 Rc3 27. Qd2 Rcb3 28. Rxb2 Rxb2 29. Qd3 Rb3 30. Rb1 Rxd3 31. Rxb6 Rxa3 32. Rxa6 Kf8 33. Ra7 Ke8 34. g4 Nd7 35. h4 e5 36. dxe5 Nxe5 37. Ra5 Ng6 38. Rxd5 Rxa4 39. h5 Nf4 40. Rd2 Ke7 41. Kg3 Ne6 42. e3 Ra5 43. f4 f5 44. Rb2 fxg4 45. Kxg4 Nc5 46. e4 Ra4 47. Kf5 Kf7 48. Re2 Ra5 49. Rc2 Ne6+ 50. Kg4 Ra4 51. Re2 Ra1 52. Rf2 Re1 53. Kf5 Nd4+ 54. Ke5 Ne2 55. Rf3 Ra1 56. Re3 Ra5+ 57. Kd6 Nd4 58. Rd3 Ne6 59. f5 Ra6+ 60. Kd5 Ra5+ 61. Kd6 Nc5 62. Re3 Nxe4+ 63. Rxe4 Rxf5 64. Rh4 Kf6 65. Rh1 Rf4 66. Kd5 Kg5 67. Ke5 Rh4 68. Rg1+ Rg4 69. Rh1 Rh4 70. Rg1+ Kxh5 71. Rxg7 Rg4 72. Rh7 Kg6 1/2-1/2

[Event "POL-chT3 Slaskie"]
[Site "Poland"]
[Date "2008.05.10"]
[Round "7.71"]
[White "Bubnowski, Arkadiusz"]
[Black "Morkisz, Bogdan"]
[Result "1-0"]
[WhiteElo "2222"]
[BlackElo "2132"]
[PlyCount "101"]
[EventDate "2008.02.03"]
[EventType "team-swiss"]
[EventRounds "9"]
[EventCountry "POL"]
[SourceTitle "EXT 2019"]
[Source "ChessBase"]
[SourceDate "2018.10.10"]
[SourceVersion "1"]
[SourceVersionDate "2018.10.10"]
[SourceQuality "1"]

1. Nf3 d6 2. d4 g6 3. g3 Bg7 4. Bg2 f5 5. c4 Nf6 6. Nc3 0-0 7. 0-0 c6 8. d5 e5 9. dxe6 Bxe6 10. Qa4 Kh8 11. Bf4 Nh5 12. Bg5 Qc7 13. Rac1 f4 14. Qa3 Bxc4 15. Rfd1 h6 16. g4 hxg5 17. gxh5 g4 18. Nh4 gxh5 19. Ng6+ Kg8 20. Nxf8 Bxf8 21. Nd5 Bxd5 22. Rxd5 Qf7 23. Qd3 Nd7 24. Rf5 Nf6 25. Qd4 Bg7 26. Qxd6 Re8 27. Qxf4 Rxe2 28. Rd1 Qe7 29. b4 h4 30. b5 h3 31. Bf1 Re4 32. Qb8+ Kh7 33. Rf4 Kh6 34. Rxe4 Qxe4 35. Qg3 Kg5 36. Qc7 Nh5 37. Qd8+ Bf6 38. Qd2+ Nf4 39. Re1 Qf5 40. Re8 Kh5 41. Rg8 Ng6 42. Bd3 Nh4 43. Bxf5 Nf3+ 44. Kh1 Nxd2 45. Bxg4+ Kh4 46. Bc8 Nb1 47. Rg3 b6 48. Rxh3+ Kg5 49. Rd3 Be5 50. Bb7 Bf4 51. Bxc6 1-0

[Event "POL-chT3 Liga Slaska"]
[Site "Poland"]
[Date "2007.05.13"]
[Round "9"]
[White "Mrozek, Przemyslaw"]
[Black "Bubnowski, Arkadiusz"]
[Result "0-1"]
[WhiteElo "2202"]
[BlackElo "2199"]
[PlyCount "108"]
[EventDate "2007.01.28"]
[EventType "team-swiss"]
[EventRounds "9"]
[EventCountry "POL"]
[SourceTitle "EXT 2011"]
[Source "ChessBase"]
[SourceDate "2010.11.26"]
[SourceVersion "1"]
[SourceVersionDate "2010.11.26"]
[SourceQuality "1"]
[WhiteTeam "Niedobczyce Rymer"]
[BlackTeam "Boguszowice Zefir"]
[WhiteTeamCountry "POL"]
[BlackTeamCountry "POL"]

1. d4 b6 2. Nf3 Bb7 3. g3 Nf6 4. Bg2 g6 5. 0-0 Bg7 6. c3 0-0 7. Bf4 c5 8. dxc5 bxc5 9. Na3 d6 10. Qc1 Re8 11. Bh6 Bh8 12. h3 Nbd7 13. Kh2 Rb8 14. Nc4 Ba6 15. Nfd2 d5 16. Ne3 Nb6 17. Re1 d4 18. Nd1 e5 19. Bg5 Ng4+ 20. hxg4 Qxg5 21. Ne4 Qxc1 22. Rxc1 c4 23. g5 Red8 24. Rc2 Bg7 25. f4 exf4 26. gxf4 Nd5 27. Nc5 Bc8 28. cxd4 Nxf4 29. e3 Nd3 30. Nxd3 cxd3 31. Rd2 Be6 32. Nc3 Bf8 33. d5 Bd6+ 34. Kh1 Bf5 35. e4 Bf4 36. Rxd3 Bg4 37. b3 Bxg5 38. e5 Bf5 39. Be4 Bc8 40. Bg2 Bf5 41. Ne4 Bh4 42. Rc1 Re8 43. d6 Rxe5 44. d7 Rd8 45. Rd4 Rxd7 46. Rxd7 Bxd7 47. Rc7 Bf5 48. Nd6 Bg3 49. Rc1 Be6 50. Ne4 Bf4 51. Rf1 Rh5+ 52. Kg1 Be3+ 53. Nf2 Rf5 54. Be4 Rf4 0-1

[Event "POL-chT3 Liga Slaska"]
[Site "Poland"]
[Date "2007.05.12"]
[Round "8"]
[White "Bubnowski, Arkadiusz"]
[Black "Mulet, Piotr"]
[Result "0-1"]
[WhiteElo "2199"]
[BlackElo "2264"]
[PlyCount "102"]
[EventDate "2007.01.28"]
[EventType "team-swiss"]
[EventRounds "9"]
[EventCountry "POL"]
[SourceTitle "EXT 2011"]
[Source "ChessBase"]
[SourceDate "2010.11.26"]
[SourceVersion "1"]
[SourceVersionDate "2010.11.26"]
[SourceQuality "1"]
[WhiteTeam "Boguszowice Zefir"]
[BlackTeam "Pszczyna PSSz"]
[WhiteTeamCountry "POL"]
[BlackTeamCountry "POL"]

1. Nf3 Nf6 2. c4 g6 3. b3 Bg7 4. Bb2 0-0 5. g3 c5 6. Bg2 Nc6 7. 0-0 d6 8. d4 cxd4 9. Nxd4 Bd7 10. Na3 Qa5 11. Nac2 Qh5 12. e3 Bg4 13. f3 Bh3 14. g4 Qh4 15. Qe1 Qxe1 16. Rfxe1 Bxg2 17. Kxg2 Nd7 18. Nxc6 bxc6 19. Bxg7 Kxg7 20. Nd4 Rfc8 21. Ne2 a5 22. Nc3 Nc5 23. Red1 Rcb8 24. Rab1 Rb4 25. Kf2 Ra7 26. Ke1 a4 27. bxa4 Rxc4 28. Rbc1 Nxa4 29. Nxa4 Raxa4 30. Rxc4 Rxc4 31. Kd2 Ra4 32. Ra1 Ra3 33. h4 Kf6 34. Kc2 Ke6 35. Kd2 h6 36. Ke2 c5 37. Kd2 f5 38. g5 h5 39. Ke2 Ke5 40. Kf2 d5 41. Kg3 Rxe3 42. a4 f4+ 43. Kf2 Rb3 44. a5 Rb7 45. a6 Ra7 46. Ke2 Kd6 47. Kd3 e5 48. Kc3 Kc6 49. Re1 Rxa6 50. Rxe5 Ra3+ 51. Kb2 Re3 0-1

[Event "POL-chT3 Liga Slaska"]
[Site "Poland"]
[Date "2007.01.28"]
[Round "2"]
[White "Bubnowski, Arkadiusz"]
[Black "Marzec, Jaroslaw"]
[Result "1-0"]
[WhiteElo "2199"]
[BlackElo "2100"]
[PlyCount "77"]
[EventDate "2007.01.28"]
[EventType "team-swiss"]
[EventRounds "9"]
[EventCountry "POL"]
[SourceTitle "EXT 2011"]
[Source "ChessBase"]
[SourceDate "2010.11.26"]
[SourceVersion "1"]
[SourceVersionDate "2010.11.26"]
[SourceQuality "1"]
[WhiteTeam "Boguszowice Zefir"]
[BlackTeam "Katowice Zawodzie"]
[WhiteTeamCountry "POL"]
[BlackTeamCountry "POL"]

1. Nf3 c5 2. c4 Nc6 3. b3 f5 4. Bb2 Nf6 5. g3 g6 6. Bg2 Bg7 7. 0-0 0-0 8. e3 d6 9. d4 Ne4 10. Nbd2 Nxd2 11. Qxd2 cxd4 12. exd4 e5 13. dxe5 dxe5 14. Qd5+ Kh8 15. Rad1 Qe7 16. Rfe1 Rd8 17. Qb5 Rxd1 18. Rxd1 e4 19. Bxg7+ Kxg7 20. Ne1 Qe5 21. Qxe5+ Nxe5 22. f3 exf3 23. Nxf3 Nc6 24. Nd4 Ne5 25. Nb5 Bd7 26. Bxb7 Rb8 27. Nd6 Ng4 28. c5 Ne5 29. b4 a6 30. a3 Bb5 31. Ra1 Kf6 32. a4 Bc6 33. Bxc6 Nxc6 34. b5 axb5 35. axb5 Ne7 36. Re1 g5 37. c6 Nd5 38. Ne8+ Kf7 39. c7 1-0